000 01429nam a22002177a 4500
999 _c60282
_d60282
003 Ge_BSU
005 20230626094953.0
008 230626s1980 ge ||||| |||| 00| 0 geo d
041 _ageo
080 _a821.353.1-1 ა-48
245 _aალექსანდრიანი :
_b[ძველბერძნ. რომანი] /
_cტექსტი გამოსაც. მოამზადა, გამოკვლევა, კომენტარები, ლექსიკონი და საძიებელი დაურთო რევაზ მირიანაშვილმა ; [რედ. ი. ლოლაშვილი] ; საქ. სსრ მეცნ. აკად., ქართული ლიტ-რის ისტორიის ინ-ტი.
264 _aთბილისი :
_b მეცნიერება,
_c1980.
300 _a201 გვ. ;
_b22 სმ.
501 _aსახელთა საძიებელი: გვ. 186-201.
520 _aრეზ. რუს. ენ.
653 _aალექსანდრიანი
653 _aძველბერძნ. რომანი
700 _aლოლაშვილი, ი.
_eრედაქტორი
_97349
710 _aსაქ. სსრ მეცნ. აკადემია
_bქართული ლიტ-რის ისტორიის ინ-ტი.
_918952
942 _2udc
_cBK